Formula One Driver Records - Statistics

General Stats
  • This quiz has been taken 461 times
    126 since last reset
  • The average score is 9 of 20
Answer Stats
Record # Driver % Correct
Total wins 105 Lewis Hamilton
100%
Total starts 425 Fernando Alonso
98%
Most consecutive pole positions 8 Ayrton Senna | Max Verstappen
84%
Youngest driver to start a race 17 yrs. 166 days Max Verstappen
84%
Most wins in first season in F1 4 Jacques Villeneuve | Lewis Hamilton
68%
Most races before first podium 239 Nico Hülkenberg
67%
Most grand slams (pole, fastest lap, win, lead all laps) 8 Jim Clark
50%
Most pole positions in one season 15 Sebastian Vettel
49%
Most races before first win 190 Sergio Pérez
43%
Champion with the smallest gap in points to 2nd place 0.5 Niki Lauda
41%
Most points without a championship 1797 Valtteri Bottas
41%
Most seasons before first championship 13 Nigel Mansell
37%
Average grid position 1.78 Juan Manuel Fangio
29%
Most podiums without a win 13 Nick Heidfeld
26%
Win with lowest grid spot (since 2000) 18 Rubens Barrichello
22%
Most consecutive laps lead 305 Alberto Ascari
14%
Most races without a podium 128 Adrian Sutil
13%
Most races without a pole 181 Romain Grosjean
10%
Most races without leading a lap 169 Kevin Magnussen
4%
Most first-lap retirements 14 Jarno Trulli
3%
No matching quizzes found
Score Distribution
Percent of People with Each Score
Percentile by Number Answered
Your Score History
You have not taken this quiz since the last reset